Intuitionstest - Statistiken

Allgemein
  • Dieses Quiz wurde 173 mal gespielt
  • Das Durchschnittsergebnis liegt bei 2 aus 8
Antwortstatistiken
Frage Antwort % Korrekt
Kopf oder Zahl? Zahl
42%
Ein (offizielles) BRICS-Mitglied China
39%
Zahl von 1-3 1
24%
Eine Farbe im Regenbogen Blau
24%
Eine Fraktion im Bundestag AfD
18%
Deutsche Millonenstadt München
18%
Ein nichtmittiges Feld von Tic-Tac-Toe Mitte Links
16%
Ein Kontinent Australien und Ozeanien
13%
Keine übereinstimmenden Quizze gefunden
Verteilung der Resultate
Anzahl Personen mit jedem Resultat
Perzentil nach korrekt beantworteten Fragen
Ihre Resultats-Entwicklung
Sie haben dieses Quiz noch nicht gespielt